| 000 | 01078cam a2200301 a 4500 | ||
|---|---|---|---|
| 001 | 1603118 | ||
| 003 | PILC | ||
| 005 | 20150908082057.0 | ||
| 008 | 940329s1994 ilu 001 0 eng | ||
| 010 | _a 94137654 | ||
| 020 |
_a0844276707 : _c$16.95 |
||
| 040 |
_aDLC _cDLC _dDLC |
||
| 041 | 0 | _aengspa | |
| 050 | 0 | 0 |
_aPC 4112 _b.C489 1994 |
| 082 | 0 | 0 | _a468.2/421 |
| 100 | 1 | _aChastain, Kenneth. | |
| 245 | 1 | 0 |
_aSpanish grammar in review / _cKenneth Chastain. |
| 260 |
_aLincolnwood, Ill., USA : _bNational Textbook Co., _c1994. |
||
| 300 |
_ax, 398 pages ; _c28 cm. |
||
| 500 | _a"Second edition"--P. x. | ||
| 500 | _aIncludes index. | ||
| 650 | 0 |
_aSpanish language _xGrammar. |
|
| 856 | 4 | 2 |
_3Publisher description _uhttp://www.loc.gov/catdir/description/mh022/94137654.html |
| 856 | 4 | 2 |
_3Contributor biographical information _uhttp://www.loc.gov/catdir/enhancements/fy0602/94137654-b.html |
| 906 |
_a7 _bcbc _corignew _d2 _encip _f19 _gy-gencatlg |
||
| 942 |
_2lcc _cBK _kFOR |
||
| 999 |
_c288642 _d288642 |
||